AMANAT Presiden : Landasan bagi pembinaan bangsa dan negara

Bibliographic Details
Other Authors: Nik Mustaffa Yusof, Wan Mohd. Mahyiddin , 1942-
Format: Book
Published: Shah Alam, Selangor : Penerbit Fajar Bakti , 1997
Subjects:

MARC

LEADER 00000cam a2200000 7i4500
001 0000000665
005 20000919.0
020 0 0 |a 967-65-5547-9 ,   |c v. I   |a 967-65-5555-X ,   |c v. II 
090 0 0 |a 324.2595   |b AMA 1997 
245 0 0 |a AMANAT Presiden :   |b Landasan bagi pembinaan bangsa dan negara   |c penyelenggara Wan Mohd. Mahyiddin, Haji Nik Mustaffa Yusof 
260 0 0 |a Shah Alam, Selangor :   |b Penerbit Fajar Bakti ,   |c 1997 
300 |a 2 v. ;   |c 24 cm. 
500 0 0 |a Bibliography 
610 1 0 |a UMNO 
650 0 0 |a Political leadership   |z Malaysia 
650 0 0 |a Speeches, addresses, etc. 
651 0 0 |a Malaysia   |x Politics and government 
700 0 1 |a Nik Mustaffa Yusof   |f Haji 
700 0 1 |a Wan Mohd. Mahyiddin ,   |c 1942- 
999 |a 0000001859   |b Monograph   |c Open Shelf   |e Default branch 
999 |a 0000001860   |b Monograph   |c Open Shelf   |e Default branch